MARC details
| 000 -LEADER |
| campo de control de longitud fija |
01297nam a2200337 i 4500 |
| 001 - NÚMERO DE CONTROL |
| campo de control |
67623 |
| 003 - IDENTIFICADOR DE NÚMERO DE CONTROL |
| campo de control |
ES-MaACL |
| 005 - FECHA Y HORA DE LA ÚLTIMA TRANSACCIÓN |
| campo de control |
20250730063111.0 |
| 007 - CAMPO FIJO DE DESCRIPCIÓN FÍSICA--INFORMACIÓN GENERAL |
| campo de control de longitud fija |
t| |
| 008 - DATOS DE LONGITUD FIJA--INFORMACIÓN GENERAL |
| campo de control de longitud fija |
040608s1999 sp af |||| | spa d |
| 020 ## - NÚMERO INTERNACIONAL ESTÁNDAR DEL LIBRO |
| Número Internacional Estándar del Libro |
84-86407-50-8 |
| 080 ## - NÚMERO DE LA CLASIFICACIÓN DECIMAL UNIVERSAL |
| Número de la Clasificación Decimal Universal |
394:248.153.8(460.111 Santiago)(091) |
| 080 ## - NÚMERO DE LA CLASIFICACIÓN DECIMAL UNIVERSAL |
| Número de la Clasificación Decimal Universal |
726.033.5 |
| 080 ## - NÚMERO DE LA CLASIFICACIÓN DECIMAL UNIVERSAL |
| Número de la Clasificación Decimal Universal |
914.4+914.60 Camino de Santiago |
| 100 1# - ENTRADA PRINCIPAL--NOMBRE DE PERSONA |
| Nombre de persona |
Yáñez Neira, Damián, |
| Fechas asociadas al nombre |
1916-2015 |
| Término indicativo de función/relación |
Autor |
| 9 (RLIN) |
117572 |
| 245 14 - MENCIÓN DEL TÍTULO |
| Título |
Las peregrinaciones jacobeas en los monasterios cistercienses / |
| Mención de responsabilidad, etc. |
Fray Damián Yáñez Neira |
| 260 ## - PUBLICACIÓN, DISTRIBUCIÓN, ETC. |
| Lugar de publicación, distribución, etc. |
Santiago [de Compostela] : |
| Nombre del editor, distribuidor, etc. |
Follas Novas ; |
| Lugar de publicación, distribución, etc. |
[Zamora] : |
| Nombre del editor, distribuidor, etc. |
Monte Casino, |
| Fecha de publicación, distribución, etc. |
1999 |
| 300 ## - DESCRIPCIÓN FÍSICA |
| Extensión |
350 páginas, [24] hojas de láminas ; |
| Dimensiones |
18 cm |
| 490 1# - MENCIÓN DE SERIE |
| Mención de serie |
El Camino de Santiago ; |
| Designación de volumen o secuencia |
9 |
| 504 ## - NOTA DE BIBLIOGRAFÍA, ETC. |
| Nota de bibliografía, etc. |
Bibliografía: páginas 343-345 |
| 594 ## - Nota al título y mención de responsabilidad |
| a |
Tít. de cub.: El Camino de Santiago y los monasterios |
| 650 #4 - PUNTO DE ACCESO ADICIONAL DE MATERIA--TÉRMINO DE MATERIA |
| Término de materia o nombre geográfico como elemento de entrada |
Peregrinaciones cristianas- |
| Subdivisión geográfica |
Santiago de Compostela. |
| 9 (RLIN) |
15937 |
| 650 17 - PUNTO DE ACCESO ADICIONAL DE MATERIA--TÉRMINO DE MATERIA |
| Término de materia o nombre geográfico como elemento de entrada |
Monasterios cistercienses- |
| Subdivisión geográfica |
Galicia |
| 9 (RLIN) |
173140 |
| 651 #4 - PUNTO DE ACCESO ADICIONAL DE MATERIA--NOMBRE GEOGRÁFICO |
| Nombre geográfico |
Camino de Santiago- |
| Subdivisión general |
Descripción |
| 9 (RLIN) |
7931 |
| 740 32 - ENTRADA AGREGADA--TÍTULO RELACIONADO/ANALÍTICO NO CONTROLADO |
| Título relacionado o analítico no controlado |
El Camino de Santiago y los monasterios |
| 830 #3 - PUNTO DE ACCESO ADICIONAL DE SERIE-TÍTULO UNIFORME |
| Título uniforme |
El Camino de Santiago ; |
| Designación de volumen o secuencia |
9 |
| 9 (RLIN) |
183002 |
| 852 ## - LOCALIZACIÓN |
| Ubicación |
ES-MaACL |
| Ubicación en estantería |
Depósito 2 |
| Número de control de estantería |
L-27938 |
| 942 ## - ELEMENTOS DE ENTRADA SECUNDARIOS (KOHA) |
| Fuente del sistema de clasificación o colocación |
Clasificación decimal universal |
| Tipo de ítem Koha |
Libro impreso |
| Suprimir en OPAC |
No |